| 000 | 00387nam a2200145Ia 4500 | ||
|---|---|---|---|
| 008 | 240729s9999 xx 000 0 und d | ||
| 022 | _a2413-4414 | ||
| 245 | 4 | _aThe Medical Journal of Basrah University | |
| 260 | _aIraq | ||
| 260 | _bUniversity of Basrah | ||
| 650 | _aMedicine | ||
| 856 | _uhttps://doaj.org/toc/0606a6dfff324c1a8f41d0f627627144 | ||
| 942 | _2ddc | ||
| 942 | _cDOAJEJ | ||
| 999 |
_c70794 _d70794 |
||
| 945 |
_a1 _bMadushi Gamage _c1 _dMadushi Gamage |
||